000 00225 a2200097 4500
001 38629
100 _aTariq Ismail Sagar
245 _aWadi Lahoo Rang
260 _aNew Delhi
_bSatya Parakashan
_c1995
090 _c24497
_d24497
942 _aNUST-CAE
_cM
_c16110
999 _c273702
_d273702